000 00563nam a2200157 4500
001 140454
003 ES-MaACL
005 20230906200059.0
007 t|
008 070214s1966 sp r ||||1| spa d
110 1 _aEspaña.
_bMinisterio de Trabajo y Seguridad Social.
_93936
245 1 0 _aDecreto de 21 de abril de 1966, núm. 907/66
_b: texto articulado I de la Ley de 28 de diciembre de 1963, núm. 193/63, de Bases de la Seguridad Social.
260 _aPamplona :
_bAranzadi,
_c1966.
300 _a126 p. ;
_c17 cm.
852 _aES-MaACL
_jC-31405
_bR.61806
999 _c140454
_d140454